000 00294nam a22001337a 4500
008 170607b xxu||||| |||| 00| 0 eng d
020 _a2900312175480
041 _aeng
080 _a32
100 _a18
101 _aSHP
245 _aISSUES IN WORLD POLITICS
_cWHITE.B
942 _2udc
_cBK
999 _c16282
_d16282